| 000 | 00510nam a22001937a 4500 | ||
|---|---|---|---|
| 005 | 20160909111035.0 | ||
| 010 | _aENG-115922 | ||
| 020 |
_c350.00 _a9789385152146 |
||
| 035 | _aEN-99454 | ||
| 037 | _bDBAD/PUB | ||
| 082 | _aN | ||
| 100 | _aAmish | ||
| 245 |
_aScion of Ikshvaku _c by Amish |
||
| 260 |
_aNew delhi _bWestland ltd _c2015 |
||
| 270 |
_a93, I Floor, Sham Lal Road Daryaganj _bNew Delhi _e110002 |
||
| 300 |
_a354p. _c21cm (pbk) |
||
| 490 | _aRam Chandra Series 1 | ||
| 942 |
_2ddc _cEN _hN _mAMI |
||
| 999 |
_c103055 _d103055 |
||